| 000 | 00907nam a22002177a 4500 | ||
|---|---|---|---|
| 999 |
_c63300 _d63300 |
||
| 005 | 20240530110633.0 | ||
| 008 | 170918s2013 ua a f b 000 0dara d | ||
| 017 |
_a2011/19484 _bمصر . دار الكتب المصرية |
||
| 020 | _a9789777048316 | ||
| 040 | _aEG-CaGPL | ||
| 082 | 0 | 4 |
_221 _a909.09 _bق/د ت |
| 100 | 1 | _aداجنت ، روجيه جوانت . | |
| 245 | 1 | 0 |
_aتاريخ البحر الاحمر من موسى حتى بونابرت / _cتاليف روجيه جوانت داجنت ؛ ترجمة حسن نصرالدين ؛ مراجعة و تقديم محمد عفيفى . |
| 250 | _aط.1 | ||
| 260 |
_aالقاهرة : _bالمركز القومى للترجمة ، _c2013 . |
||
| 300 |
_a409 ص ؛ _c24 سم . |
||
| 490 | 0 |
_aالمشروع القومى للترجمة ؛ _v2036 |
|
| 650 | 0 | 7 | _aالبحر الاحمر |
| 700 | 0 |
_aحسن نصرالدين _eمترجم . |
|
| 942 |
_2ddc _cBK |
||